<?xml version="1.0" encoding="UTF-8"?>
<record
    xmlns:xsi="http://www.w3.org/2001/XMLSchema-instance"
    xsi:schemaLocation="http://www.loc.gov/MARC21/slim http://www.loc.gov/standards/marcxml/schema/MARC21slim.xsd"
    xmlns="http://www.loc.gov/MARC21/slim">

  <leader>01620nab a2200265   4500</leader>
  <controlfield tag="001">768714001</controlfield>
  <controlfield tag="003">CO-MdFUSB</controlfield>
  <controlfield tag="005">20240313125744.0</controlfield>
  <controlfield tag="008">171009s2016    xxu||||| |||| 00| 0 eng d</controlfield>
  <datafield tag="022" ind1=" " ind2=" ">
    <subfield code="a">1669-8649</subfield>
  </datafield>
  <datafield tag="040" ind1=" " ind2=" ">
    <subfield code="a">CO-MdFUSB</subfield>
    <subfield code="b">spa</subfield>
    <subfield code="c">CO-MdFUSB</subfield>
    <subfield code="d">CO-MdFUSB</subfield>
  </datafield>
  <datafield tag="041" ind1=" " ind2=" ">
    <subfield code="a">eng</subfield>
  </datafield>
  <datafield tag="100" ind1=" " ind2=" ">
    <subfield code="a">Enns Eckert, Marlene </subfield>
    <subfield code="e">autor</subfield>
  </datafield>
  <datafield tag="242" ind1=" " ind2=" ">
    <subfield code="a">Educaci&#xF3;n y sabiduria</subfield>
  </datafield>
  <datafield tag="245" ind1=" " ind2=" ">
    <subfield code="a">Education and wisdom</subfield>
    <subfield code="c">/ Marlene Enns Eckert</subfield>
  </datafield>
  <datafield tag="300" ind1=" " ind2=" ">
    <subfield code="a">Volumen 11, n&#xFA;mero 1 (2016), p&#xE1;ginas: 95 - 98</subfield>
    <subfield code="c">: 20 cm.</subfield>
  </datafield>
  <datafield tag="520" ind1="1" ind2=" ">
    <subfield code="a">La educaci&#xF3;n no pasa en vano, al contrario, esta &#xED;ntimamente conectada a la organizaci&#xF3;n socio-pol&#xED;tica, la cultura, la religi&#xF3;n y la cosmovisi&#xF3;n del contexto en el que se desarrolla. En gran medida estos factores determinan el objetivo de la educaci&#xF3;n, que a su vez determinan el contenido educacional (el qu&#xE9;) y el proceso (el c&#xF3;mo). En este peque&#xF1;o art&#xED;culo se hace la interrelaci&#xF3;n entre la educaci&#xF3;n y la sabidur&#xED;a teniendo en cuenta lo que nos puede ense&#xF1;ar la biblia frente a esto.</subfield>
  </datafield>
  <datafield tag="546" ind1=" " ind2=" ">
    <subfield code="a">Texto en ingl&#xE9;s</subfield>
  </datafield>
  <datafield tag="650" ind1=" " ind2="7">
    <subfield code="9">349</subfield>
    <subfield code="a">Educaci&#xF3;n cristiana</subfield>
  </datafield>
  <datafield tag="773" ind1=" " ind2=" ">
    <subfield code="0">49416</subfield>
    <subfield code="9">76183</subfield>
    <subfield code="g">Volumen 11, n&#xFA;mero 1 (2016), p&#xE1;ginas: 95 - 98</subfield>
    <subfield code="q">P&#xE1;gina 95</subfield>
    <subfield code="t">Journal of Latin American Theology</subfield>
  </datafield>
  <datafield tag="773" ind1=" " ind2=" ">
    <subfield code="0">49416</subfield>
    <subfield code="9">82396</subfield>
    <subfield code="g">Volumen 11, n&#xFA;mero 1 (2016), p&#xE1;ginas: 95 - 98</subfield>
    <subfield code="q">P&#xE1;gina 95</subfield>
    <subfield code="t">Journal of Latin American Theology </subfield>
  </datafield>
  <datafield tag="773" ind1=" " ind2=" ">
    <subfield code="0">49416</subfield>
    <subfield code="9">82481</subfield>
    <subfield code="g">Volumen 11, n&#xFA;mero 1 (2016), p&#xE1;ginas: 95 - 98</subfield>
    <subfield code="q">P&#xE1;gina 95</subfield>
    <subfield code="t">Journal of Latin American Theology </subfield>
  </datafield>
  <datafield tag="773" ind1=" " ind2=" ">
    <subfield code="0">49416</subfield>
    <subfield code="9">82482</subfield>
    <subfield code="g">Volumen 11, n&#xFA;mero 1 (2016), p&#xE1;ginas: 95 - 98</subfield>
    <subfield code="q">P&#xE1;gina 95</subfield>
    <subfield code="t">Journal of Latin American Theology </subfield>
  </datafield>
  <datafield tag="942" ind1=" " ind2=" ">
    <subfield code="c">ANA</subfield>
  </datafield>
  <datafield tag="999" ind1=" " ind2=" ">
    <subfield code="c">64069</subfield>
    <subfield code="d">64069</subfield>
  </datafield>
</record>
